Statystyki dla Drużyny z Ekstraklasy sezon 2023/24

Kliknij tutaj aby rozwiązać quiz!

Ogólne statystyki

  • Ten quiz został rozwiązany 25 razy
  • Średni wynik to 15 z 18

Statystyki odpowiedzi

MiejsceDrużyna% Poprawnych
3Lech Poznań
100%
2Legia Warszawa
100%
1Raków Częstochowa
95%
12
Widzew Łódź
91%
(1)ŁKS Łódź
91%
(5)Puszcza Niepołomice
91%
(2)Ruch Chorzów
91%
13Korona Kielce
86%
4Pogoń Szczecin
86%
7Cracovia
82%
6Górnik Zabrze
82%
14Jagiellonia Białystok
82%
15Śląsk Wrocław
82%
11Stal Mielec
77%
9Zagłębie Lubin
77%
5Piast Gliwice
73%
8Warta Poznań
73%
10Radomiak Radom
68%

Rozkład punktacji

Percentyl według liczby udzielonych odpowiedzi

Procent ludzi z każdym wynikiem

Twoja historia wyników

Nie rozwiązałeś tego quizu